UK's Top Alcohol Brands. - Statistics

General Stats
  • This quiz has been taken 140 times
  • The average score is 5 of 10
Answer Stats
Ranking Type Answer % Correct
2 Vodka Smirnoff
88%
9 Whisky Jack Daniels
78%
8 Cider Strongbow
63%
6 Gin Gordons
62%
3 Beer Budweiser
53%
5 Beer/cider Carling
52%
1 Beer/cider Stella Artois
46%
4 Beer Fosters
44%
10 Whisky The Famous Grouse
15%
7 Wine Hardys
10%
No matching quizzes found
Score Distribution
Percent of People with Each Score
Percentile by Number Answered
Your Score History
You have not taken this quiz